Statistiques concernant Lomepal - Malaise

Cliquez ici pour prendre le quiz!

Statistiques générales

  • Ce quiz a été pris 65 fois
  • Le résultat moyen est 364 sur 493

Statistiques - réponses

HintRéponse% Correct
de
100%
la
97%
le
97%
A
94%
à
94%
a
94%
dans
94%
dès
94%
des
94%
je
94%
les
94%
que
94%
sa
94%
tête
94%
ma
91%
ma-
91%
pas
91%
plus
91%
un
91%
c'est
89%
comme
89%
du
89%
refrainen
89%
j'ai
89%
tout
89%
d'sang
86%
mal
86%
ai
83%
belle
83%
bien
83%
ça
83%
faire
83%
Jean
83%
si
83%
beau
80%
cousin
80%
dur
80%
j'suis
80%
mais
80%
mon
80%
queue
80%
sûr
80%
sur
80%
vais
80%
belles
77%
et
77%
fait
77%
femmes
77%
four
77%
gros
77%
malaise
77%
ne
77%
enfer
74%
matin
74%
meuf
74%
on
74%
"Palpal"
74%
qui
74%
réfléchir
74%
sainte
74%
symptômes
74%
trop
74%
tu
74%
une
74%
y'a
74%
couilles
71%
elle
71%
encore
71%
faut
71%
j'encaisse
71%
prendre
71%
problème
71%
suis
71%
ta
71%
devient
69%
dix-sept
69%
engin
69%
fasse
69%
fesse
69%
j'avais
69%
j'entends
69%
l'air
69%
m'emballe
69%
même
69%
mes
69%
néfaste
69%
no
69%
palpable
69%
pitié
69%
pour
69%
quand
69%
radar
69%
sera
69%
sous
69%
tentation
69%
toi
69%
apéro
66%
casanier
66%
cette
66%
chambre
66%
chez
66%
douche
66%
frangin
66%
j'demande
66%
jours
66%
parle
66%
piges
66%
quoi
66%
sonne
66%
tous
66%
vis
66%
arrivantes
63%
crâne
63%
d'un
63%
excitation
63%
faute
63%
grosses
63%
jamais
63%
paire
63%
retrouvé
63%
savoir
63%
téléphone
63%
veux
63%
bouche
60%
changer
60%
chuchotent
60%
derrière
60%
d'ma
60%
est
60%
lettre
60%
liste
60%
poster
60%
seins
60%
techniques
60%
bled
57%
chauffe
57%
chouette
57%
cinq
57%
dit
57%
dures
57%
d'urnes
57%
fois
57%
fugu
57%
j'peux
57%
Kapla
57%
litchis
57%
nouvelles
57%
pleine
57%
poto
57%
s'maine
57%
symbiose
57%
ayaya
54%
bâton
54%
bio
54%
boucle
54%
calme
54%
deux
54%
d'l'investigation
54%
d'quoi
54%
drogues
54%
filles
54%
intelligent
54%
mère
54%
mieux
54%
mis
54%
m'racontes
54%
place
54%
première
54%
pris
54%
pub
54%
qu'au
54%
s'plaindre
54%
autres
51%
dirait
51%
dis-moi
51%
j'me
51%
lavés
51%
lèvres
51%
lutte
51%
paume
51%
quatre
51%
retrouver
51%
sais
51%
ses
51%
s'ra
51%
ah
49%
baisera
49%
Billie
49%
cances-va
49%
dansent
49%
j'fais
49%
piaules
49%
piste
49%
préventive
49%
tes
49%
yeux
49%
bah
46%
biche ?
46%
c'bar
46%
compétences
46%
froc
46%
lire
46%
parlent
46%
peine
46%
puis
46%
briller
43%
d'la
43%
man
43%
name
43%
travail
43%
arbitre
40%
deu-spi
40%
has
40%
j'espère
40%
j'habite
40%
libre
40%
perds
40%
romantique
40%
sans
40%
tchin-tchin
40%
fesses
37%
guimauve
37%
hey
37%
j'savais
37%
ressemble
37%
d'elles-mêmes
34%
libido
34%
sexe
34%
violent
34%
alcoolisme
31%
beaucoup
31%
cède
31%
couvert
31%
esquimau
31%
possédé
31%
card-pla
29%
m'habite
29%
surtout
29%
ecchymoses
26%
boom
20%
refrain (réponse = refrain)refrain
17%

Distribution des résultats

Percentile par nombre de réponses

% des personnes avec chaque résultat

Votre développement - résultats

Vous n’avez pas pris ce quiz